| 000 | 01526nam a2200385 c 4500 | ||
|---|---|---|---|
| 003 | BLK | ||
| 005 | 20200721135442.0 | ||
| 008 | 180408b bul|||||r ||||||| ||bul|| | ||
| 010 | _aKNG00054132000 | ||
| 020 |
_a954-775-370-3 _bиздат.: Фабер |
||
| 040 | _aBLK | ||
| 041 |
_aBUL _cBUL |
||
| 080 |
_aСоциална демография _b314.145 _x(497.2) _z314.145(497.2) |
||
| 080 |
_aСтатистика на населението. Демографска статистика. Вж и 314 ; 316 ; 323. 3 ; 325 ; 614. 1 _b312 _x(497.2) _z312(497.2) |
||
| 080 |
_aСоциални процеси _b316.4 _x(497.2) _z316.4(497.2) |
||
| 100 | 1 |
_aБелчева, Мария _eпърви автор _9249649 |
|
| 139 |
_aБелчева, Мария _bБ 36 |
||
| 245 | 1 | 0 |
_aСоциално-демографски изследвания и анализи _cМария Белчева. |
| 257 | _aBGR | ||
| 260 |
_аВ. Търново _bФабер _c2004 |
||
| 300 |
_a444 с. _bс табл., сх. _c24 см |
||
| 380 | _a3 | ||
| 500 | _aОфс. изд. - Библиогр. с. 441-442. | ||
| 504 | _a441-442 | ||
| 650 | 4 |
_aДемография _9152968 |
|
| 650 | 4 |
_aБългария - население - статистически данни _9277319 |
|
| 653 | _aдемография | ||
| 653 | _aБългария | ||
| 653 | _aнаучни изследвания | ||
| 852 | _aЦб 223948 | ||
| 856 | 4 |
_qpdf _u |
|
| 856 | 4 |
_qpdf _u |
|
| 942 |
_cKNG _n0 _01 |
||
| 944 |
_aCR _c01.06.2005 _kГеновева_Генчева |
||
| 944 |
_aED _c23.03.2006 _k |
||
| 999 |
_c50261 _d50261 |
||